| 000 | 00428nam a2200157Ia 4500 | ||
|---|---|---|---|
| 008 | 240729s9999 xx 000 0 und d | ||
| 022 | _a2383-3416 | ||
| 245 | 0 | _aJournal of Nuts | |
| 260 | _aIran, Islamic Republic of | ||
| 260 | _bIslamic Azad University | ||
| 650 | _a Agriculture (General) | ||
| 650 | _aAgriculture | ||
| 856 | _uhttps://doaj.org/toc/71cd21271d8e43dcadc020dc0be2cd92 | ||
| 942 | _2ddc | ||
| 942 | _cDOAJEJ | ||
| 999 |
_c67522 _d67522 |
||
| 945 |
_a1 _bMadushi Gamage _c1 _dMadushi Gamage |
||